Náklady spojené s produkciou obsahu

Marketing zameraný na pomoc a vytváranie pridanej hodnoty pre užívateľov. Popis nákladov s tým spojených.

Guardado en:
Detalles Bibliográficos
Autor principal: Kuchta, Martin, 1990-
Formato: Capítulo de libro
Lenguaje:eslovaco
Materias:
Etiquetas: Agregar Etiqueta
Sin Etiquetas, Sea el primero en etiquetar este registro!

MARC

LEADER 00000naa a2200000 4500
001 0260888
005 20240502074134.5
041 0 |a slo 
044 |a SK 
245 1 0 |a Náklady spojené s produkciou obsahu  |c Martin Kuchta 
520 |a Marketing zameraný na pomoc a vytváranie pridanej hodnoty pre užívateľov. Popis nákladov s tým spojených. 
610 2 0 |a marketing 
610 2 0 |a reklama 
610 2 0 |a náklady 
610 2 0 |a médiá 
100 1 |a Kuchta, Martin, 1990-